[Event "Condom Open A 2013"]
[Site "Condom"]
[Date "2013.07.13"]
[Round "8.8"]
[White "Bizovi, Mihai"]
[Black "Petre, Nad-Titus"]
[Result "0-1"]
[WhiteElo "2137"]
[BlackElo "2371"]
[PlyCount "124"]
[EventDate "2013.??.??"]

1. d4 d6 2. Nf3 Nf6 3. c4 Nbd7 4. Nc3 e5 5. e4 Be7 6. Be2 O-O 7. O-O c6 8. Be3
Re8 9. d5 c5 10. g3 Nf8 11. Nh4 Bh3 12. Re1 Qc8 13. f3 h6 14. Qc2 Bd8 15. Rab1
g5 16. Nf5 Bxf5 17. exf5 Ba5 18. Bd3 N8d7 19. g4 e4 20. Bxe4 Bxc3 21. bxc3 Nxe4
22. fxe4 Ne5 23. Qe2 b6 24. h4 f6 25. Kg2 Qa6 26. Rh1 Qxc4 27. Qxc4 Nxc4 28.
Kf3 Ne5+ 29. Kg3 Kg7 30. a4 Nc4 31. Kf3 Re7 32. Rh2 Ne5+ 33. Kg3 Nf7 34. hxg5
hxg5 35. Rbh1 Rxe4 36. Rh7+ Kg8 37. Bxg5 fxg5 38. f6 Rf4 39. Rg7+ Kf8 40. Rhh7
Rxf6 41. Rxf7+ Rxf7 42. Rh8+ Kg7 43. Rxa8 Kf6 44. Re8 Re7 45. Rf8+ Ke5 46. Rf5+
Ke4 47. Rxg5 Kd3 48. Rg6 Rd7 49. Kf4 Kxc3 50. Kf5 c4 51. Ke6 Rb7 52. Rh6 Rg7
53. Kxd6 Rxg4 54. Ke7 Kb4 55. Rc6 Kxa4 56. d6 Re4+ 57. Kd8 Kb3 58. d7 c3 59.
Kc7 Re7 60. Kd6 Rxd7+ 61. Kxd7 c2 62. Kc7 Kb2 0-1

[Event "Condom Open A 2013"]
[Site "Condom"]
[Date "2013.07.13"]
[Round "8.9"]
[White "Iglesias, Joachim"]
[Black "Iwanesko, Alexandre"]
[Result "1-0"]
[WhiteElo "2248"]
[BlackElo "2230"]
[PlyCount "49"]
[EventDate "2013.??.??"]

1. d4 Nf6 2. Nf3 c5 3. e3 g6 4. dxc5 Qa5+ 5. Nbd2 Qxc5 6. a3 Qc7 7. b4 Bg7 8.
Bb2 O-O 9. Be2 b6 10. O-O Bb7 11. c4 d6 12. Rc1 Nbd7 13. Rc2 Rac8 14. Qa1 Qb8
15. Nd4 Ne4 16. Nc6 Bxc6 17. Bxg7 Rfd8 18. Bh6 e5 19. f4 Nxd2 20. Rxd2 Nf8 21.
Qe1 d5 22. Qh4 dxc4 23. Qf6 Ne6 24. f5 Rxd2 25. fxe6 1-0

[Event "Condom Open A 2013"]
[Site "Condom"]
[Date "2013.07.13"]
[Round "8.10"]
[White "Velten, Paul"]
[Black "Larand, Manuel"]
[Result "1-0"]
[WhiteElo "2422"]
[BlackElo "2034"]
[PlyCount "67"]
[EventDate "2013.??.??"]

1. Nf3 Nf6 2. g3 g6 3. Bg2 Bg7 4. O-O c5 5. c4 O-O 6. Nc3 Nc6 7. d3 d6 8. a3 h6
9. Rb1 Ne8 10. Bd2 Rb8 11. b4 Bd7 12. b5 Nd4 13. Nxd4 cxd4 14. Nd5 f5 15. e3 e6
16. Nb4 dxe3 17. Bxe3 Qa5 18. Qb3 Nf6 19. Bf4 e5 20. Bd2 Qc7 21. c5+ Kh7 22. c6
bxc6 23. Na6 Qb6 24. Be3 Qa5 25. Nxb8 Rxb8 26. b6 axb6 27. Bxb6 Qa6 28. a4 Nd5
29. a5 e4 30. dxe4 fxe4 31. Rfc1 Bd4 32. Bxe4 Bxb6 33. axb6 Rxb6 34. Qf3 1-0

[Event "Condom Open A 2013"]
[Site "Condom"]
[Date "2013.07.13"]
[Round "9.1"]
[White "Cornette, Matthieu"]
[Black "Mullon, Jean-Baptiste"]
[Result "1/2-1/2"]
[WhiteElo "2578"]
[BlackElo "2398"]
[PlyCount "27"]
[EventDate "2013.??.??"]

1. d4 d5 2. Nf3 Nf6 3. c4 c6 4. cxd5 cxd5 5. Nc3 Nc6 6. Bf4 Bf5 7. e3 e6 8. Bd3
Bxd3 9. Qxd3 Bd6 10. Bxd6 Qxd6 11. O-O O-O 12. Rac1 Rac8 13. a3 Ne7 14. Ne5
1/2-1/2

[Event "Condom Open A 2013"]
[Site "Condom"]
[Date "2013.07.13"]
[Round "9.3"]
[White "Santos Latasa, Jaime"]
[Black "Miron, Lucian-Costin"]
[Result "1/2-1/2"]
[WhiteElo "2418"]
[BlackElo "2544"]
[PlyCount "39"]
[EventDate "2013.??.??"]

1. e4 e5 2. Nf3 Nc6 3. Bb5 a6 4. Ba4 Nf6 5. O-O Be7 6. Re1 b5 7. Bb3 d6 8. c3
O-O 9. h3 Nb8 10. d4 Nbd7 11. Nbd2 Bb7 12. Bc2 Re8 13. Nf1 Bf8 14. Ng3 g6 15.
a4 c5 16. d5 c4 17. Bg5 h6 18. Be3 Nc5 19. Qd2 h5 20. Bg5 1/2-1/2

[Event "Condom Open A 2013"]
[Site "Condom"]
[Date "2013.07.13"]
[Round "9.4"]
[White "Petre, Nad-Titus"]
[Black "Iglesias, Joachim"]
[Result "1/2-1/2"]
[WhiteElo "2371"]
[BlackElo "2248"]
[PlyCount "22"]
[EventDate "2013.??.??"]

1. Nf3 Nf6 2. g3 g6 3. Bg2 Bg7 4. d4 d5 5. O-O c6 6. Nbd2 O-O 7. c4 Bf5 8. b3
Ne4 9. Bb2 Nd7 10. Nh4 Nxd2 11. Qxd2 Be6 1/2-1/2

[Event "Condom Open A 2013"]
[Site "Condom"]
[Date "2013.07.13"]
[Round "9.9"]
[White "Cocquyt, Tijs"]
[Black "Mladenov, Plamen"]
[Result "1-0"]
[WhiteElo "2063"]
[BlackElo "2405"]
[PlyCount "49"]
[EventDate "2013.??.??"]

1. d4 b6 2. Bg5 Bb7 3. Nc3 d5 4. f3 c5 5. e4 f6 6. Bh4 dxe4 7. Bb5+ Nd7 8. dxc5
exf3 9. Nxf3 bxc5 10. Ne5 fxe5 11. Qh5+ g6 12. Qxe5 a6 13. Ba4 Qb6 14. Bxd7+
Kxd7 15. O-O-O+ Ke8 16. Qxh8 Nf6 17. Bxf6 Qxf6 18. Qxf6 exf6 19. Rhe1+ Be7 20.
Nd5 Bxd5 21. Rxd5 Rc8 22. Rd6 Kf7 23. Rd7 Re8 24. Ra7 f5 25. Kb1 1-0